|
|
|
|
| LEADER |
00000cam a2200000 7i4500 |
| 001 |
0000002626 |
| 005 |
20040225.0 |
| 090 |
0 |
0 |
|a JPSM634.95
|b MAL (19--)
|
| 110 |
1 |
0 |
|a MALAYSIA
|c Forestry Department Peninsular Malaysia
|
| 245 |
1 |
0 |
|a Silviculture manual for multi-storied forest management
|
| 260 |
0 |
0 |
|a Kuala Lumpur :
|b Forestry Department Peninsular Malaysia; Perak State Forestry Department, Japan International Cooperation Agency ,
|c (19--)
|
| 300 |
|
|
|a 91 p. :
|b col. ill. ;
|c 23 cm.
|
| 650 |
0 |
0 |
|a Silviculture
|x Handbooks, manuals, etc.
|
| 710 |
1 |
1 |
|a Japan International Cooperation Agency (JICA)
|
| 710 |
1 |
1 |
|a Malaysia ,
|c Perak State Forestry Department
|
| 998 |
|
|
|a JPSM
|
| 999 |
|
|
|a 0000004303
|b Monograph
|c Open Shelf
|e Default branch
|